Statistics for District Line Stations

Click here to take the quiz!

General Stats

  • This quiz has been taken 147 times
  • The average score is 45 of 60

Answer Stats

Station % Correct
Earl's Court
100%
Upminster
97%
South Kensington
93%
Hammersmith
93%
Richmond
93%
Barons Court
90%
Wimbledon
90%
Westminster
90%
Tower Hill
86%
Embankment
86%
Barking
86%
St James's Park
83%
Victoria
83%
Fulham Broadway
83%
Monument
79%
Cannon Street
79%
Mansion House
79%
Temple
79%
Aldgate East
79%
High Street Kensington
79%
Ealing Broadway
79%
Sloane Square
79%
Putney Bridge
79%
Kew Gardens
79%
Turnham Green
76%
Upminster Bridge
76%
Gloucester Road
76%
East Ham
76%
West Ham
76%
Southfields
76%
Wimbledon Park
76%
Mile End
76%
Kensington (Olympia)
76%
Notting Hill Gate
72%
Acton Town
72%
Upton Park
72%
West Brompton
72%
Parsons Green
72%
Paddington
72%
Dagenham East
69%
Blackfriars
69%
Dagenham Heathway
69%
Edgware Road
69%
Stepney Green
69%
West Kensington
69%
Ealing Common
69%
Upney
66%
Whitechapel
66%
East Putney
66%
Hornchurch
66%
Bow Road
66%
Bayswater
66%
Chiswick Park
66%
Ravenscourt Park
66%
Gunnersbury
66%
Bromley-by-Bow
66%
Stamford Brook
62%
Plaistow
62%
Becontree
62%
Elm Park
59%

Score Distribution

Percentile by Number Answered

Percent of People with Each Score

Your Score History

You have not taken this quiz